Constituição de 1988 : (Record no. 1362)

MARC details
000 -LÍDER
Campo Fixo de Controle 01516nam a2200289 a 4500
001 - NÚMERO DE CONTROLE
Campo de Controle 1362
003 - IDENTIFICAÇÃO DO NÚMERO DE CONTROLE
Campo de Controle BR-CuiBMT
005 - DATA E HORA DA ÚLTIMA ATUALIZAÇÃO
Campo de Controle 20231205230003.0
008 - DADOS FIXOS
Dados Fixos 231128s2008 dfba 000 0 por d
020 ## - INTERNATIONAL STANDARD BOOK NUMBER
Nº do ISBN 9788587499042 (v. 1)
020 ## - INTERNATIONAL STANDARD BOOK NUMBER
Nº do ISBN 9788587499059 (v. 2)
040 ## - AGÊNCIA CATALOGADORA
Código da Agência Catalogadora BR-CuiBMT
Agência que transcreveu o registro BR-CuiBMT
080 ## - Nº DA CLASSIFICAÇÃO DECIMAL UNIVERSAL
Nº Class. CDU 342.4
Subd. Auxiliar Comum (81)"1988"
Nº edição CDU 2007
090 ## - NÚMERO DE CHAMADA
Nº classificação 342.4(81)"1988"
Cutter S474c
110 1# - ENTRADA PRINCIPAL -- ENTIDADE
Nome da entidade ou lugar Senado Federal.
Unidade subordinada Instituto Legislativo Brasileiro.
245 10 - TÍTULO PRINCIPAL
Título principal Constituição de 1988 :
Subtítulo o Brasil 20 anos depois /
Indicação de responsabilidade organizadores: Bruno Dantas ... [et al.] ; [autores Adilson José Moreira ... et al.].
260 ## - PUBLICAÇÃO, DISTRIBUIÇÃO, ETC.
Local de publicação Brasília :
Editora Senado Federal :
-- Instituto Legislativo Brasileiro,
Data 2008.
300 ## - DESCRIÇÃO FÍSICA
N. páginas ou volumes v. ;
Dimensões 23 cm
504 ## - NOTA DE BIBLIOGRAFIA, ETC.
Nota de bibliografia Inclui bibliografia.
505 0# - NOTA DE CONTEÚDO
Nota de conteúdo v. 1. Os alicerces da redemocratização : do processo constituinte aos princípios e direitos fundamentais -- v. 2. O exercício da política : direitos e partidos políticos, organização do Estado e dos poderes -- v. 3. A consolidação das instituições : justiça, defesa do Estado e das instituições democráticas -- v. 4. Estado e economia em vinte anos de mudança : sistema tributário e ordem econômica -- v. 5. Os cidadãos na carta cidadã : ordem social.
590 ## - NOTA LOCAL
Nota local A Biblioteca possui somente o volume 1 e 2.
650 ## - ASSUNTO TÓPICO
Cabeçalho tópico ou nome geográfico Brasil
Subdivisão geral Constituição (1988)
650 ## - ASSUNTO TÓPICO
Cabeçalho tópico ou nome geográfico Direito constitucional
Subdivisão geográfica Brasil
700 1# - ENTRADA SECUNDÁRIA -- NOME PESSOAL
Nome pessoal Dantas, Bruno
Termo de relação et al.
-- organizadores
700 1# - ENTRADA SECUNDÁRIA -- NOME PESSOAL
Nome pessoal Moreira, Adilson José
Termo de relação et al.
-- autores
942 ## - ELEMENTOS DE ENTRADA ADICIONAIS (KOHA)
Fonte de classificação ou esquema de arquivamento Classificação Decimal Universal
Tipo de item do Koha Livros
Holdings
Estado: removido Estado: perdido Fonte de classificação ou esquema de arquivamento Estado: danificado Indisponível para empréstimo Localização permanente Localização atual Data de aquisição Numeração serial ou cronológica (Volume) Total Checkouts Número de Chamada completo Código de barras Date last seen Número do exemplar Preço efetivo a partir de Tipo de item (Koha)
    Classificação Decimal Universal     Biblioteca da Escola Superior de Contas do TCE/MT Biblioteca da Escola Superior de Contas do TCE/MT 22/02/2010 v. 1   342.4(81)"1988" S474c BIBTCEMT23120240 05/12/2023 Ex. 1 05/12/2023 Livros
    Classificação Decimal Universal     Biblioteca da Escola Superior de Contas do TCE/MT Biblioteca da Escola Superior de Contas do TCE/MT 22/02/2010 v. 1   342.4(81)"1988" S474c BIBTCEMT23120241 05/12/2023 Ex. 2 05/12/2023 Livros
    Classificação Decimal Universal     Biblioteca da Escola Superior de Contas do TCE/MT Biblioteca da Escola Superior de Contas do TCE/MT 02/09/2010 v. 2   342.4(81)"1988" S474c BIBTCEMT23120242 05/12/2023 Ex. 1 05/12/2023 Livros

Powered by Koha